| 000 | 00000nas##2200000za#4500 |
| 001 | 9.503509 |
| 003 | CaOODSP |
| 005 | 20200325121602 |
| 007 | cr ||||||||||| |
| 008 | 150406c1990||||xxc|| m o||||f| |0fre|d |
| 040 | |aCaOODSP|bfre |
| 043 | |an-cn--- |
| 086 | 1 |aEn1-11F-PDF |
| 110 | 1 |aCanada. |bEnvironnement Canada. |
| 245 | 10|aRapport sur l'état de l'environnement |h[ressource électronique] |
| 260 | |aOttawa - Ontario : |bEnvironnement Canada |
| 500 | |aDonnées de catalogage avant publication (Canada) imprimées dans ces publications. |
| 775 | 08|tState of the environment report |w(CaOODSP)9.507116 |
| 776 | 0#|tRapport sur l'état de l'environnement |w(CaOODSP)9.512937 |